La sociedad chilena en el nuevo siglo.

I tiakina i:
Ngā taipitopito rārangi puna kōrero
Kaituhi rangatōpū: Academia Chilena de Ciencias Sociales, Políticas y Morales, Instituto Chile (autor)
Ētahi atu kaituhi: Cea Egaña, José Luis (Editor)
Hōputu: Pukapuka
I whakaputaina: Santiago, Chile: Academia Chilena de Ciencias Sociales, Políticas y Morales, 2012-2013.
Ngā marau:
Ngā Tūtohu: Tāpirihia he Tūtohu
Kāore He Tūtohu, Me noho koe te mea tuatahi ki te tūtohu i tēnei pūkete!

MARC

LEADER 00000nam a22000007a 4500
003 CL-VaPUC
005 20240429103824.0
008 240411t20122013 ||||| |||| 00| 0 eng d
999 |c 443493  |d 443491 
020 |a 978-956-7557-06-6 (o.c.) 
020 |a 978-956-7557-05-9 (t.I) 
020 |a 978-956-7557-07-3 (t.II) 
040 |c Pontificia Universidad Católica de Valparaíso 
082 7 |2 22  |a 068.83 ACA 2013 
110 |a Academia Chilena de Ciencias Sociales, Políticas y Morales, Instituto Chile  |e autor  |9 888322 
245 |a La sociedad chilena en el nuevo siglo. 
260 |a Santiago, Chile:   |b Academia Chilena de Ciencias Sociales, Políticas y Morales,  |c 2012-2013. 
300 |a 2 tomos. 
500 |a c.1-t.I-t.II. Donación Sr. Jorge López Santa María. MEMO DER Nº14 / 26-3-2024 
505 |a Tomo I: Discursos de los académicos de número, correspondientes y honorarios (2000-2012). Tomo II: Conversaciones y diálogos (1991-2012). 
583 |c 20240411  |k Catalogador Asistente 
610 0 |9 888322  |a Academia Chilena de Ciencias Sociales, Políticas y Morales, Instituto Chile  |x Educación  |x Economía  |x Cultura chilena  |x Regiones  |x Iglesia y Estado  |x Relaciones internacionales  |y 1991-2012  |z Chile 
700 |a Cea Egaña, José Luis  |e editor  |9 888323 
942 |2 ddc  |c BK 
952 |0 0  |1 0  |2 ddc  |4 0  |6 068_830000000000000_ACA_2013  |7 0  |8 A  |9 594033  |a BIBDER  |b BIBDER  |d 2024-04-11  |e Donación  |h t.I  |i 5660651  |o 068.83 ACA 2013  |p 5660651  |r 2024-04-11  |t 1  |w 2024-04-11  |y BK  |k DER 
952 |0 0  |1 0  |2 ddc  |4 0  |6 068_830000000000000_ACA_2013  |7 0  |8 A  |9 594034  |a BIBDER  |b BIBDER  |d 2024-04-11  |e Donación  |h t.II  |i 5660652  |o 068.83 ACA 2013   |p 5660652  |r 2024-04-11  |t 1  |w 2024-04-11  |y BK  |k DER